Operating systems: A concept-based approach (Record no. 24692)

MARC details
000 -LEADER
fixed length control field 00510nam a2200181Ia 4500
008 - FIXED-LENGTH DATA ELEMENTS--GENERAL INFORMATION
fixed length control field 230917s9999||||xx |||||||||||||| ||und||
020 ## - ISBN
Price RS715
040 ## - CATALOGING SOURCE
-- 243516
Original cataloging agency VIVEKANANDA LIBRARY
041 ## - Language
-- English
082 ## - DDC NUMBER
Classification number 005.43 D536O(3)
100 ## - MAIN ENTRY--PERSONAL NAME
Personal name Dhamdhere, Dhananjay M
245 #0 - TITLE STATEMENT
Title Operating systems: A concept-based approach
250 ## - EDITION STATEMENT
Edition statement 3rd ed.
260 ## - PUBLICATION, DISTRIBUTION, ETC. (IMPRINT)
Place of publication, distribution, etc Chennai
Name of publisher, distributor, etc McGraw-Hill Education (India)
Date of publication, distribution, etc 2017
300 ## - PHYSICAL DESCRIPTION
Pages xx, 828 p.
500 ## - GENERAL NOTE
General note 2943 27/11/2017 HBD17/7108 05/12/2017 UIET (SFS)
942 ## - ADDED ENTRY ELEMENTS (KOHA)
Koha item type Books
Holdings
Withdrawn status Lost status Damaged status Not for loan Location (home branch) Sublocation or collection (holding branch) Shelving location Date acquired Koha issues (times borrowed) Koha full call number Accession No. Koha date last seen Koha item type
        VIVEKANANDA LIBRARY VIVEKANANDA LIBRARY UIET Library 08/01/2018 1 005.43 D536O(3) 364430 19/04/2024 Books
        VIVEKANANDA LIBRARY VIVEKANANDA LIBRARY UIET Library 08/01/2018   005.43 D536O(3) 364431 17/09/2023 Books
        VIVEKANANDA LIBRARY VIVEKANANDA LIBRARY UIET Library 08/01/2018   005.43 D536O(3) 364432 17/09/2023 Books
        VIVEKANANDA LIBRARY VIVEKANANDA LIBRARY UIET Library 08/01/2018 1 005.43 D536O(3) 364433 07/03/2025 Books
        VIVEKANANDA LIBRARY VIVEKANANDA LIBRARY UIET Library 08/01/2018   005.43 D536O(3) 364434 17/09/2023 Books
© Designed and Maintained by Vivekananda Library, MDU Rohtak